Molecular Biology of The Cell (Record no. 38151)

MARC details
000 -LEADER
fixed length control field 00428nam a2200169Ia 4500
008 - FIXED-LENGTH DATA ELEMENTS--GENERAL INFORMATION
fixed length control field 230524s9999 xx 000 0 und d
082 ## - DEWEY DECIMAL CLASSIFICATION NUMBER
Classification number 621.382
Item number ALB
100 ## - MAIN ENTRY--AUTHOR NAME
Personal name Bruce Alberts
245 #0 - TITLE STATEMENT
Title Molecular Biology of The Cell
250 ## - EDITION STATEMENT
Edition statement 2ND
260 ## - PUBLICATION, DISTRIBUTION, ETC. (IMPRINT)
Place of publication NEW DELHI
Name of publisher Garland Sc.
Year of publication 2007
300 ## - PHYSICAL DESCRIPTION
Number of Pages XXXIV;1031
500 ## - GENERAL NOTE
General note Quantity Number: 2
650 ## - SUBJECT ADDED ENTRY--TOPICAL TERM
Topical Term Biomedical
700 ## - ADDED ENTRY--PERSONAL NAME
Personal name "Johnson,Lewis ,etal.,,"
942 ## - ADDED ENTRY ELEMENTS (KOHA)
Koha item type Books
Holdings
Lost status Damaged status Permanent Location Current Location Shelving location Date acquired Full call number Accession Number Koha item type
    Central Library, Trident Academy of Technology Central Library, Trident Academy of Technology General Stacks 05/24/2023 621.382 ALB 21802 Books
    Central Library, Trident Academy of Technology Central Library, Trident Academy of Technology General Stacks 05/24/2023 621.382 ALB 21803 Books
Trident Academy of Technology © 2023.
All rights reserved.                                                                                                                                                                                                        Designed by Team of Central Library .

Powered by Koha